| 000 | 00781nam a22002297a 4500 | ||
|---|---|---|---|
| 999 |
_c9564 _d9564 |
||
| 003 | AR-CdUCM | ||
| 008 | 190328b ||||| |||| 00| 0 spa d | ||
| 040 |
_aMUNICIPALIDAD PROVINCIAL DEL CUSCO _cBIBLIOTECA MUNICIPAL DEL CUSCO |
||
| 041 | _heng | ||
| 082 |
_a813.09 / _bV28N / 1942 |
||
| 100 |
_aVan Doren, Carl _925845 |
||
| 245 | _aLa novela norteamericana 1789-1939 / | ||
| 260 |
_aBuenos Aires : _bSudamericana, _c1942. |
||
| 300 |
_a435 páginas ; _c20.5 cm. |
||
| 500 | _aTítulo original : The American novel. | ||
| 505 | _aContenido: Comienzos de ficción -- Novelas de aventura -- Sangre y lagrimas ... | ||
| 650 |
_aNovela estadounidense _9448 |
||
| 650 |
_aHistoria y crítica _95993 |
||
| 700 |
_aIbarzábal, Pedro _925846 |
||
| 942 |
_2ddc _cLIBROS |
||
| 945 | _aacv | ||